000 00407nam a22001337a 4500
082 _a297.1229
_bSAU
_cM
110 _aSauti, Allama Jalal Ud Din
_951062
245 _aالاتقان في علوم القران
260 _aLahore,
_bMushtaq Book Corner,
_c2000.
300 _a522p.512p.
_c26cm.
526 _a0
_b0
_c0
_d297_122900000000000_SAU
526 _a0
_b0
_c0
_d297_122900000000000_SAU
942 _2ddc
_cBK
999 _c553805
_d553805